| 000 | 00751cam a2200277 a 4500 | ||
|---|---|---|---|
| 003 | UPN | ||
| 005 | 20250227143709.0 | ||
| 008 | 191126s1996 mx fr 001 0 spa d | ||
| 020 | _a970651208X | ||
| 035 | _aUPN01000234378 | ||
| 040 |
_aMX-MxUPN _bspa _cMX-MxUPN |
||
| 050 | 4 |
_aZ278 Z35 _b1996 |
|
| 100 | 1 |
_aZaid, Gabriel _929514 |
|
| 245 | 1 | 4 | _aLos demasiados libros |
| 250 | _aSegunda edición | ||
| 260 |
_aMéxico, D.F. : _bOcéano, _cc1996. |
||
| 300 | _a152 páginas | ||
| 490 | 0 | _aEl ojo infalible | |
| 650 | 7 |
_916273 _aLibros _xIndustria y comercio |
|
| 650 | 4 |
_aEditores y publicaciones _96095 |
|
| 650 | 4 |
_aLibros y lectura _95227 |
|
| 905 | _aLibro | ||
| 942 |
_n0 _cLIBRO _2lcc |
||
| 999 |
_c206473 _d206473 |
||